Maiores municípios do Pará por área - Statistics

Estatísticas Gerais
  • Esse quiz foi jogado 10 vezes
  • A pontuação média é 6 de 15
Estatísticas das Respostas
Área (km²) Município % Correto
159.533 Altamira
100%
17.898 Santarém
83%
84.212 São Félix do Xingu
83%
53.304 Jacareacanga
50%
107.613 Oriximiná
50%
19.342 Paragominas
50%
23.645 Alenquer
33%
62.042 Itaituba
33%
28.011 Óbidos
33%
72.954 Almeirim
17%
38.162 Novo Progresso
17%
25.384 Portel
17%
17.423 Porto de Moz
17%
17.085 Cumaru do Norte
0%
18.152 Monte Alegre
0%
Nenhum quiz correspondente encontrado
Distribuição das Pontuações
Porcentagem de Pessoas com Cada Pontuação
Percentil de Números Respondidos
Sua Pontuação Histórica
Você não jogou esse quiz